Statistics for Weirdest Animals In the Water

Click here to take the quiz!

General Stats

  • This quiz has been taken 18 times
  • The average score is 10 of 24

Answer Stats

Answer% Correct
Basking Shark
80%
Sunfish/Mola Mola
80%
Axolotl
67%
Goblin Shark
67%
Tardigrade
53%
Flatfish
47%
Frogfish
47%
Icefish
47%
Lungfish
47%
Blobfish
40%
Megamouth Shark
40%
Sea Pig
40%
Yeti Crab
40%
Barreleye
33%
Batfish
33%
Betta
33%
Frilled Shark
33%
Pacu
33%
Snailfish
33%
Stargazer
33%
Blue Dragon/Glaucus Atlanticus
27%
Olm
27%
Coffinfish
20%
Enypniastes
20%

Score Distribution

Percentile by Number Answered

Percent of People with Each Score

Your Score History

You have not taken this quiz